000 00491nam a22001817a 4500
999 _c26244
_d26244
003 BDDh-ASL
005 20231015030623.0
008 211006s1961 ii ||||| |||| 00| 0 u d
040 _aBDDh-ASL
_cBDDh-ASL
082 _a297.122
_bAHF
100 1 _94732
_aAhmad, Mawlana Saeed
245 1 0 _aFahm-I Quran : / فہم قرآن
246 _aFahm-I Quran
260 _aDelhi :
_bNadwatul Musannifeen ,
_c1961.
300 _a200 p. :
_c25 cm.
650 0 _91854
_aQuran
942 _2ddc
_cBK